01265nam a2200301Ia 450000500170000000800410001702000180005802000150007608200150009110000200010624501030012625000180022930000640024765000350031165000450034665000430039165000450043465000460047994200120052526400280053733600270056533700330059233800280062504000350065399900150068895201310070395201290083420220317001457.0161108s2015 ck ao 000 0 s  a9789584244468 a958424446904a080 bD82s1 aDueñas, Jairo10aSimples conversacionesbveinte años de país y cuarenta personajes inolvidablescJairo Dueñas a1a. edición a330 páginasbilustraciones, fotografías en colorc24 cm142LEMBaPeriodistasvEntrevistas142LEMBaCantantes colombianosvEntrevistas142LEMBaActores colombianosvEntrevistas142LEMBaPoliticos colombianosvEntrevistas142LEMBaEscritores colombianosvEntrevistas 2ddccBK aBogotábPlanetac2015 atextobtxt2rdacontent asin mediaciónbn2rdamedia avolumenbnc2rdacarrier aCO-BoRNBPbspaerdacCO-BoRNBP c7093d7093 00102ddc40708GENaMECASARIbMECASARIcGENd2024-11-10l0o080 - D82SpBM0001051r2024-11-10 18:05:10tEj.1w2024-11-10yBK 00102ddc40708GENaMELAJULIbMELAJULIcGENd2025-10-15l0o080 D82spJUL00075r2025-10-15 20:52:33tEj.1w2025-10-15yBK